000 01296nam0a2200325 4500
001 RU\NLR\ONL2\1783
005 20250613124352.0
010 _a5-7761-1126-9
_93000
035 _a(NLR Aleph) 009649387
090 _a9570814
_c9570814
100 _a20040122d2002 |||y0rusy50 ca
101 0 _atat
102 _aRU
105 _ay |||||||||
200 1 _aТатар телен чит тел буларак ойрэтунен фэнни-методик нигезлэре
_fФ.Ф.Харисов
210 _aКазан
_cМэгариф
_d2002
215 _a366,[1] б.
_d22
320 _aБиблиогр.: с.310-336 (460 назв.)
541 1 _6z01790
_aНаучные основы начального обучения татарскому языку как неродному
_zrus
606 0 _aТатарский язык
_xПреподавание
_xТеория
_92175476
_3RU\NLR\auth-onl\66122
686 1 _aЧ426.153татар
700 1 _aХарисов
_bФ. Ф.
_gФираз Фэхраз улы
_4070
790 1 _6z01541
_aХарисов
_bФ. Ф.
_gФираз Фахразович
_4070
801 0 _aRU
_bNLR
_c20040122
_gPSBO
852 _aNLR
_bОНЛ
_jТатар./3-12908
942 _cBOOK
980 _aNB
980 _aONL_RF